|
|
|
|
| LEADER |
02700nam a2200661 4500 |
| 001 |
ocn827235524 |
| 003 |
OCoLC |
| 005 |
20170124070121.2 |
| 006 |
m o d |
| 007 |
cr cnu---unuuu |
| 008 |
130211s2013 enk obf 001 0 eng d |
| 010 |
|
|
|z 2012028579
|
| 040 |
|
|
|a N$T
|b eng
|e pn
|c N$T
|d COO
|d IDEBK
|d E7B
|d OCLCF
|d OCLCQ
|d UKDOC
|d OCLCO
|d CDX
|d DG1
|d B24X7
|d OHI
|d DEBBG
|d YDXCP
|d OCL
|d OCLCQ
|d AZK
|d GrThAP
|
| 019 |
|
|
|a 828617845
|a 961610975
|a 962590098
|
| 020 |
|
|
|a 9781118486207
|q (electronic bk.)
|
| 020 |
|
|
|a 111848620X
|q (electronic bk.)
|
| 020 |
|
|
|a 9781299159280
|q (MyiLibrary)
|
| 020 |
|
|
|a 1299159281
|q (MyiLibrary)
|
| 020 |
|
|
|a 9781118486184
|q (electronic bk.)
|
| 020 |
|
|
|a 1118486188
|q (electronic bk.)
|
| 020 |
|
|
|z 9780470674024
|
| 020 |
|
|
|z 0470674024
|
| 029 |
1 |
|
|a AU@
|b 000051629089
|
| 029 |
1 |
|
|a AU@
|b 000053300121
|
| 029 |
1 |
|
|a CHBIS
|b 010026671
|
| 029 |
1 |
|
|a CHVBK
|b 306231824
|
| 029 |
1 |
|
|a DEBBG
|b BV041467322
|
| 029 |
1 |
|
|a DEBBG
|b BV041906077
|
| 029 |
1 |
|
|a DKDLA
|b 820120-katalog:000655378
|
| 029 |
1 |
|
|a GBVCP
|b 790206730
|
| 029 |
1 |
|
|a NZ1
|b 15341596
|
| 035 |
|
|
|a (OCoLC)827235524
|z (OCoLC)828617845
|z (OCoLC)961610975
|z (OCoLC)962590098
|
| 037 |
|
|
|a 447178
|b MIL
|
| 050 |
|
4 |
|a TH438
|b .E98 2013eb
|
| 072 |
|
7 |
|a TEC
|x 009020
|2 bisacsh
|
| 082 |
0 |
4 |
|a 624.068/4
|2 23
|
| 049 |
|
|
|a MAIN
|
| 100 |
1 |
|
|a Eynon, John.
|
| 245 |
1 |
4 |
|a The design manager's handbook /
|c John Eynon, RIBA MAPM FCIOB CEnv., consultant/director, Open Water Consulting Ltd.
|
| 264 |
|
1 |
|a Southern Gate, Chichester, West Sussex, UK :
|b John Wiley & Sons, Ltd.,
|c 2013.
|
| 300 |
|
|
|a 1 online resource
|
| 336 |
|
|
|a text
|b txt
|2 rdacontent
|
| 337 |
|
|
|a computer
|b c
|2 rdamedia
|
| 338 |
|
|
|a online resource
|b cr
|2 rdacarrier
|
| 504 |
|
|
|a Includes bibliographical references and index.
|
| 588 |
0 |
|
|a Print version record.
|
| 650 |
|
0 |
|a Building
|x Planning
|v Handbooks, manuals, etc.
|
| 650 |
|
0 |
|a Building
|x Superintendence
|v Handbooks, manuals, etc.
|
| 650 |
|
0 |
|a Construction industry
|x Planning
|v Handbooks, manuals, etc.
|
| 650 |
|
7 |
|a TECHNOLOGY & ENGINEERING
|x Civil
|x General.
|2 bisacsh
|
| 650 |
|
7 |
|a Building
|x Planning.
|2 fast
|0 (OCoLC)fst00840611
|
| 650 |
|
7 |
|a Building
|x Superintendence.
|2 fast
|0 (OCoLC)fst00840641
|
| 650 |
|
7 |
|a Construction industry
|x Planning.
|2 fast
|0 (OCoLC)fst00876097
|
| 655 |
|
4 |
|a Electronic books.
|
| 655 |
|
7 |
|a Handbooks and manuals.
|2 fast
|0 (OCoLC)fst01423877
|
| 776 |
0 |
8 |
|i Print version:
|a Eynon, John.
|t Design manager's handbook.
|d Southern Gate, Chichester, West Sussex, UK : John Wiley & Sons, Ltd., 2013
|z 9780470674024
|w (DLC) 2012028579
|w (OCoLC)807025880
|
| 856 |
4 |
0 |
|u https://doi.org/10.1002/9781118486184
|z Full Text via HEAL-Link
|
| 994 |
|
|
|a 92
|b DG1
|